000 00262nam a2200109Ia 4500
008 090707b ii f a fnsan d
100 _aKumar, Sushil.
_99277
245 _aBengali Literature In The 19th Century.
260 _c1962.
300 _a650p.
942 _cBK
999 _c9632
_d9632